000 00380nam a2200157Ia 4500
008 210716s1987 xx 000 0 und d
020 _a0256060134
041 _aeng
082 _a658.802 MASC
100 _aMason, Charlotte H;Perreault, William D.
245 _aMarketing guide.
250 _a1
260 _aNew York
_bIrwin
_c1987
300 _axi,79
650 _aMarketing
999 _c200976
_d200976